Capitales du monde par lettre - M - Statistiques

Statistiques générales
  • Ce quiz a été pris 2 429 fois
    2 395 depuis la dernière actualisation
  • Le résultat moyen est 12 sur 19
Statistiques - réponses
Réponse % Correct
Madrid
90%
Montevideo
81%
Mexico
75%
Monaco
73%
Moscou
72%
Minsk
70%
Manille
69%
Managua
65%
Maputo
65%
Mogadiscio
63%
Monrovia
59%
Manama
58%
Malé
57%
Mascate
53%
Moroni
52%
Mbabane
50%
Malabo
48%
Maseru
48%
Melekeok
20%
Aucun quiz correspondant
Distribution des résultats
% des personnes avec chaque résultat
Percentile par nombre de réponses
Votre historique - résultats
Vous n’avez pas pris ce quiz depuis la dernière actualisation